Assassins of Famous People Quiz Stats

 Plays Quiz not verified by Sporcle

Score 0/20 Timer 10:00
0 Plays Today
Killer(s) Victim % Correct
Lee Harvey OswaldJohn F. Kennedy
97.9%
Sirhan SirhanRobert F. Kennedy
97.4%
John Wilkes BoothAbraham Lincoln
97.4%
James Earl Ray OR Loyd JowersMartin Luther King Jr.
92.6%
Nathuram GodseMahatma Gandhi
92.6%
Satwant Singh and Beant SinghIndira Gandhi
92.6%
Leon CzolgoszWilliam McKinley
88.4%
Norman 3X Buttler, Thomas 15X Johnson and Talmadge HayerMalcolm X
88.4%
Gavrilo PrincipArchduke Franz Ferdinand
88.4%
Charles J. GuiteauJames A. Garfield
83.7%
Killer(s) Victim % Correct
Khalid IslambouliAnwar Sadat
77.4%
Ramón MercaderLeon Trotsky
72.1%
Yigal AmirYitzhak Rabin
71.1%
Kim Jae-KyuPark Chung-Hee
37.4%
Prince Faisal bin Musa'idKing Faisal
31.6%
Dipendra Bir Bikram Shah DevBirendra Bir Bikram Shah
16.8%
Rigoberto López PérezAnastasio Somoza García
12.1%
Zvezdan JovanovićZoran Dindić
12.1%
Khondaker Mostaq AhmadMujibur Rahman
9.5%
Rafael Simón UrbinaCarlos Delgado Chalbaud
8.9%

You're not logged in!

Compare scores with friends on all Sporcle quizzes.
OR
Log In

You Might Also Like...

Show Comments

Extras

Top Quizzes Today


Score Distribution

Your Account Isn't Verified!

In order to create a playlist on Sporcle, you need to verify the email address you used during registration. Go to your Sporcle Settings to finish the process.

Report this User

Report this user for behavior that violates our Community Guidelines.

Details: